| 000 -LEADER |
| fixed length control field |
00405nam a22001217a 4500 |
| 008 - FIXED-LENGTH DATA ELEMENTS--GENERAL INFORMATION |
| fixed length control field |
240205b ||||| |||| 00| 0 eng d |
| 100 ## - MAIN ENTRY--PERSONAL NAME |
| Personal name |
Nayak, Nandini |
| 245 ## - TITLE STATEMENT |
| Title |
Contesting ‘development’: Popular protest against a case of small-scale mining in central India |
| 260 ## - PUBLICATION, DISTRIBUTION, ETC. (IMPRINT) |
| Place of publication, distribution, etc |
Social Scientist |
| 300 ## - PHYSICAL DESCRIPTION |
| Extent |
519(9-10), Sep-Oct, 2023: p.37-54 |
| 773 ## - HOST ITEM ENTRY |
| Main entry heading |
Social Scientist |
| 942 ## - ADDED ENTRY ELEMENTS (KOHA) |
| Item type |
Articles |